Bizarní ulcerace ve kštici

Bibliographic Details
Main Authors: Šach, Josef, 1958- (Author), Arenbergerová, Monika, 1971- (Author), Arenberger, Petr, 1958- (Author), Šefrnová, P. (Author), Gkalpakiotis, Spyridon (Author)
Format: Article
Language:Czech

MARC

LEADER 00000nab a2200000uu 4500
001 vtls011135900
003 SK-MaSNL
005 20260305010927.0
008 230218|2011 xo |||||||||||||||||cze|
015 |a SNBRB 
035 |a (urnnbn)urn:nbn:sk:snk:ar-007p3g 
035 |a (uuid)be17eac4-c4f6-44bb-96ed-62e9b56c865a 
035 |a urn:nbn:sk:snk-abaovh 
040 |a SNKBUCL  |b slo  |c SNKBUCL  |e AACR2 
041 0 |a cze 
044 |a xo  |c SK 
100 1 |a Šach, Josef,  |d 1958-  |4 aut  |9 179981 
245 1 0 |a Bizarní ulcerace ve kštici  |c J. Šach, M. Arenbergerová, P. Arenberger, P. Šefrnová, S. Gkalpakiotis 
700 1 |a Arenbergerová, Monika,  |d 1971-  |4 aut  |9 227370 
700 1 |a Arenberger, Petr,  |d 1958-  |4 aut  |9 160822 
700 1 |a Šefrnová, P.  |4 aut  |9 1586602 
700 1 |a Gkalpakiotis, Spyridon  |4 aut  |9 362595 
773 0 |t Česko-slovenská dermatologie : časopis dermatovenerologických společností  |g Roč. 86, č. 4 (2011), s. 204-206 
954 |a odborná, vedecká literatúra cudzojazyčná (svetová)  |2 lita 
958 |a OND 
958 |a EUIPO 
958 |a article14 
999 |c 3249607  |d 3251537